| 000 | 00512nam a2200193Ia 4500 | ||
|---|---|---|---|
| 005 | 20250610105528.0 | ||
| 008 | 008 250505s9999 xx 000 0 eng d | ||
| 020 | _a9789389991192 | ||
| 040 |
_beng _cILCL |
||
| 041 |
_aeng _2eng |
||
| 084 | _aZ24 R0 | ||
| 100 | _aSingh, Avtar | ||
| 245 | 0 | _aIntroduction to the Law of Torts and Consumer Protection | |
| 250 | _a4 | ||
| 260 |
_aHaryana _bLexis Nexis _c2020 |
||
| 300 | _alxx,366p. | ||
| 700 | _aKaur, Harpreet | ||
| 942 |
_cTB _2Colon Classification |
||
| 999 |
_c1312088 _d1312088 |
||